Olivia Rodrigo's SOUR TOUR SETLIST - Statistics

General Stats
  • This quiz has been taken 6 times
  • The average score is 9 of 12
Answer Stats
Hint Answer % Correct
#1 brutal
100%
#11 deja vu
100%
#3 drivers license
100%
#6 enough for you / 1 step medley
100%
#9 favorite crime
100%
#7 happier
100%
#12 good 4 u
80%
#2 jealousy, jealousy
80%
#10 traitor
80%
#5 hope ur ok
60%
#4 complicated
40%
#8 seether
0%
No matching quizzes found
Score Distribution
Percent of People with Each Score
Percentile by Number Answered
Your Score History
You have not taken this quiz